| Tag |
First Indicator |
Second Indicator |
Subfields |
| LEADER |
00000cam a2200000 a 4500 |
| 001 |
in00001725621 |
| 005 |
20151024175739.0 |
| 008 |
010418s2001 enk 000 1 eng d |
| 010 |
|
|
|a 2002327424
|
| 015 |
|
|
|a GBA1-Y1439
|
| 020 |
|
|
|a 0304358932
|
| 035 |
|
|
|a (OCoLC)ocm49355736
|
| 040 |
|
|
|a UKM
|c DLC
|d UtOrBLW
|
| 042 |
|
|
|a lccopycat
|
| 043 |
|
|
|a e-uk---
|a e-fr---
|
| 049 |
|
|
|a TXAM
|
| 050 |
0 |
0 |
|a PR6068.O1954
|b H67 2001
|
| 082 |
0 |
0 |
|a 823.914
|2 21
|
| 100 |
1 |
|
|a Robinson, Derek,
|d 1932 April 12-
|
| 245 |
1 |
0 |
|a Hornet's sting /
|c Derek Robinson.
|
| 250 |
|
|
|a Cassell military pbk. ed.
|
| 264 |
|
1 |
|a London :
|b Cassell,
|c 2001.
|
| 300 |
|
|
|a 405 pages ;
|c 20 cm.
|
| 336 |
|
|
|a text
|b txt
|2 rdacontent
|
| 337 |
|
|
|a unmediated
|b n
|2 rdamedia
|
| 338 |
|
|
|a volume
|b nc
|2 rdacarrier
|
| 490 |
1 |
|
|a Cassell military paperbacks
|
| 500 |
|
|
|a "... completes the trilogy begun by 'War story' and concluded by 'Goshawk Squadron'"--P. 4 of cover.
|
| 650 |
|
0 |
|a World War, 1914-1918
|x Aerial operations, British
|v Fiction.
|
| 650 |
|
0 |
|a World War, 1914-1918
|z France
|v Fiction.
|
| 650 |
|
0 |
|a Air pilots, Military
|v Fiction.
|
| 650 |
|
0 |
|a British
|z France
|v Fiction.
|
| 651 |
|
0 |
|a France
|v Fiction.
|
| 655 |
|
7 |
|a War stories.
|2 gsafd
|
| 830 |
|
0 |
|a Cassell military paperbacks.
|
| 856 |
4 |
2 |
|3 Publisher description
|u http://www.loc.gov/catdir/description/ste021/2002327424.html
|t 0
|
| 994 |
|
|
|a E0
|b TXA
|
| 948 |
|
|
|a cataloged
|b h
|c 2003/2/19
|d c
|e bhartsfi
|f 11:32:45 am
|
| 999 |
|
|
|a MARS
|
| 999 |
f |
f |
|s 4f0a47b6-c6dc-307e-bfd1-f650e1f970d3
|i 582d8e2e-4789-37f2-abc0-a3a13246aa2e
|t 0
|
| 952 |
f |
f |
|p ric
|a Texas A&M University
|b Rellis Campus
|c Joint Library Facility
|d Remote Storage
|t 0
|e PR6068.O1954 H67 2001
|h Library of Congress classification
|i unmediated -- volume
|m A14829843082
|
| 998 |
f |
f |
|a PR6068.O1954 H67 2001
|t 0
|l Remote Storage
|